LEADER 01749nas a2200289 i 4500 001 000000003242 003 CaOOAMICUS 005 20180830125436.0 008 180830s1994 it uu u0 0ita r 040 $aSeMil$bita 240 10$aFondazione Abbatia Sancte Marie de Morimundo : informazioni.$0(OLS)http://semarc/title/5548 245 10$aFondazione Abbatia Sancte Marie de Morimundo. 260 $aMorimondo (MI) :$b[s.n.],$c1994-2006. 300 $a21 cm. 500 $aSemestrale ; periodicità variabile ; dall'Anno 8. (2001) la periodicità varia in : Annuale. - Complemento del titolo fino al 1995 (Anno 2.) : Informazioni. - Formulazione di Editore dall'Anno 3. (1996) : Fondazione Abbatia Sancte Marie de Morimundo. 500 $aConsistenza: [1.] (1994)-13. (2006). 710 0 $aFondazione Abbatia Sancte Marie de Morimundo.$0(OLS)http://semarc/name/2503 774 0 $t[2003].$dMorimondo (MI) : Fondazione "Abbatia Sancte Marie de Morimundo", [2003?]$w()117433 774 0 $tTitolo mancante.$w()130889 774 0 $t[2001.$d[S.l. : s.n.], [2001?]$w()134965 774 0 $t[2002].$dMorimondo (MI) : Fondazione "Abbatia Sancte Marie de Morimundo", [2002?]$w()134966 774 0 $t[2004].$dMorimondo (MI) : Fondazione "Abbatia Sancte Marie de Morimundo", [2004?]$w()147715 774 0 $t[2005].$dMorimondo (MI) : Fondazione "Abbatia Sancte Marie de Morimundo", [2005?]$w()172048 774 0 $t[2006].$dMorimondo (MI) : Fondazione "Abbatia Sancte Marie de Morimundo", [2006?]$w()172050 785 00$tQuaderni dell'Abbazia.$d[Milano] : Regione Lombardia, [2007?]$w()19551 996 $6245$aFondazione Abbatia Sancte Marie de Morimundo$9(OLS)http://semarc/title/5547 996 $6260$aMorimondo (MI) :$b[s.n.]$9(OLS)http://semarc/publisher/31121 LEADER 01526nam a2200301 i 4500 001 000000184375 003 CaOOAMICUS 005 20100105000000.0 008 100105s2009 it u000 u mul u 013 $a162355 020 $a978-88-7367-105-3 040 $aSeMil$bita 245 10$aUsus psallendi ecclesiae Vercellensis :$b(Vercelli, Biblioteca Capitolare, cod. LIII) /$cstudia et editionem paravit Ionatha Brusa ; adlaborante Ferdinando Dell'Oro. 260 $aRoma :$bEdizioni Liturgiche,$c2009. 300 $a382 p. ;$c25 cm. 490 0 $aBibliotheca Ephemerides Liturgicae. Subsidia ;$v149 490 0 $aMonumenta Italiae liturgica ;$v4. 650 4$aVercelli - Biblioteca Capitolare - Manoscritti.$0(OLS)http://semarc/subject/34822 700 1 $aDell'Oro, Ferdinando .$0(OLS)http://semarc/name/89107 700 1 $aBrusa, Gionata.$0(OLS)http://semarc/name/67743 830 0$aBibliotheca Ephemerides Liturgicae. Subsidia ;$v149.$0(OLS)http://semarc/title/38 830 0$aMonumenta Italiae liturgica ;$v4.$0(OLS)http://semarc/title/9760 850 $aSeMil 852 $aSeMil$W1$xVenegono$y1$m3KA A 149$j226796$B135071$CSeMilBibl$Z2$F146701 $81 961 $aSottoscrizione: CLV Edizioni Liturgiche 996 $6020$a978-88-7367-105-3$9(OLS)http://semarc/number/174319 996 $6245$aUsus psallendi ecclesiae Vercellensis :$b(Vercelli, Biblioteca Capitolare, cod. LIII)$9(OLS)http://semarc/title/264627 996 $6260$aRoma :$bEdizioni Liturgiche$9(OLS)http://semarc/publisher/33221